| 000 | 00887nam a22002655i 4500 | ||
|---|---|---|---|
| 999 |
_c3784 _d3784 |
||
| 003 | EG-ScBUE | ||
| 005 | 20210121144907.0 | ||
| 008 | 090118s2005 ua g 000 1 ara d | ||
| 017 | _a1991 / 1832 | ||
| 020 | _a9770900363 | ||
| 040 |
_aEG-ScBUE _bara _erda _cEG-ScBUE _dEG-ScBUE |
||
| 082 | 0 | 4 |
_a892.746 _bم ط ا _222 |
| 100 | 1 |
_aمطاوع، عبد الوهاب، _d1940-2004، _eمؤلف. |
|
| 245 | 1 | 0 |
_aصديقي ما أعظمك / _cعبد الوهاب مطاوع. |
| 250 | _aالطبعة الرابعة. | ||
| 264 | 1 |
_aالقاهرة : _bدار الشروق، _c2005. |
|
| 300 |
_a114 صفحة ؛ _c20 سم |
||
| 336 |
_aنص _btxt _2rdacontent |
||
| 337 |
_aبدون وسيط _bn _2rdamedia |
||
| 338 |
_aمجلد _bnc _2rdacarrier |
||
| 650 | 7 |
_aالمقالات العربية _yقرن 20. _2BUEsh |
|
| 651 | _2BUEsh | ||
| 653 |
_bARALIT _bGGEN _cJanuary2021 |
||
| 942 |
_cBB _2ddc |
||